| 000 | 00445nam a2200181Ia 4500 | ||
|---|---|---|---|
| 001 | 19596 | ||
| 005 | 20260306172705.0 | ||
| 008 | 260306t2017||||xx |||||||||||||| ||spa|| | ||
| 041 | _aESP | ||
| 082 |
_a340.7 _bE373 Nº 21 |
||
| 100 |
_aNúñez del Prado Simons, Alonso _eAUT |
||
| 245 | 0 | _aLos secretos de los seguros | |
| 260 | _c2017 | ||
| 300 |
_a206 páginas : _c20 cm. |
||
| 650 | _aGEN | ||
| 654 | _aCDE | ||
| 942 |
_cLIB _dJUS _fJUS _2ddc _n |
||
| 999 |
_c19596 _d19596 |
||